| 000 | 00405nam a2200109Ia 4500 | ||
|---|---|---|---|
| 008 | 171204s9999 xx 000 0 und d | ||
| 245 | _aSelf-aware Computing Systems: An Engineering Approach: | ||
| 245 | _cBernhard Rinner, Jim Tørresen, Marco Platzner, and Peter R. Lewis | ||
| 260 | _c2016 | ||
| 650 | _xADVANCED OPERATING SYSTEM AND NETWORKING | ||
| 856 | _uhttp://down.ebook777.com/043/9783319396743.pdf | ||
| 999 |
_c347104 _d347104 |
||